000 00560nam a2200205Ia 4500
003 OSt
005 20240111095922.0
008 210210b2018 xxu||||| |||| 00| 0 eng d
020 _a978-9352804979
_c 9780143429012
040 _cAL
041 _aeng
082 _a820.33 MURB
100 _aMURUGAN (Perumal) Ed
_9147885
245 _aBlack coffee in a coconut shell: caste as lived experience
260 _aLos Angeles
_bSage Publications
_c2018
300 _axxii,229
690 _aIndian English Fiction
_9147886
906 _a073756
942 _2ddc
_cBK
999 _c123526
_d123526